| 000 | 00663nam a2200229 a 4500 | ||
|---|---|---|---|
| 008 | |||
| 020 | _a047101737X (cased) | ||
| 049 | _aMAIN | ||
| 090 | 0 | 0 | _aQA403.5 |
| 100 | 1 | _aMorrison, Norman. | |
| 245 | 1 | 0 |
_aIntroduction to Fourier analysis / _cNorman Morrison. |
| 260 |
_aNew York : _bWiley, _cc1994. |
||
| 300 |
_axx, 563 p. : _bill. ; _c26 cm. |
||
| 504 | _aIncludes bibliographical references : p. 485-487. | ||
| 500 | _aIncludes index. | ||
| 650 | 0 | _aFourier analysis. | |
| 907 |
_a.b10121456 _b11-05-04 _c11-05-04 |
||
| 003 | |||
| 005 | 20230123133713.0 | ||
| 040 | _cNUST | ||
| 942 |
_cBOOKS _kQA403.5 |
||
| 999 |
_c153182 _d153182 |
||